00530nam a2200181Ia 4500003000900000008004100009040001600050080001800066100001900084245005200103250001200155260006100167300001000228650002500238650001900263650002300282650004300305IN-BaIIA211028s9999 xx 000 0 eng d cIIA Library a084.4:52bMOO aMoore, Patrick 4aThe Caxton atlas of the universecPatrick Moore a2nd ed. aLondonbInternational Learning Systems Corporationc1972 a272p. a Atlas - universe  a Caxton atlas a Universe atlas  aAstronomy and astrophysics thesaurus